000 00265nam a22001097a 4500
082 _a923.1 PAH'F
100 _aPAHLAVI, ASHRAF
_975914
245 _aFACES IN A MIRROR MEMORIES FROM EXILE
260 _aNEWJERSCY
_bPRENRICE HALL
_c1980
300 _a238P
942 _cBK
999 _c581324
_d581324